[Event "Charlotte Masters 3rd"]
[Site "Charlotte"]
[Date "2021.07.16"]
[Round "1"]
[White "Kumar, Arya"]
[Black "Myers, Dominique"]
[Result "0-1"]
[WhiteElo "1887"]
[BlackElo "2065"]
[PlyCount "52"]
[EventDate "2021.07.16"]
[EventType "swiss"]
[EventRounds "5"]
[EventCountry "USA"]
[SourceTitle "CBM 203 Extra"]
[Source "ChessBase"]
[SourceDate "2021.09.30"]
[SourceVersion "1"]
[SourceVersionDate "2021.09.30"]
[SourceQuality "1"]

1. e4 e5 2. d4 exd4 3. Nf3 Nc6 4. c3 d5 5. exd5 Qxd5 6. cxd4 Bb4+ 7. Nc3 Bg4 8. Be2 Bxc3+ 9. bxc3 Bxf3 10. Bxf3 Qc4 11. Bxc6+ bxc6 12. Qe2+ Qxe2+ 13. Kxe2 Nf6 14. Re1 0-0 15. Ba3 Rfd8 16. Kd3 Nd7 17. Rab1 c5 18. Rb7 Rac8 19. Rxa7 cxd4 20. cxd4 f6 21. f4 c5 22. Rc1 Rc6 23. Ke4 Re6+ 24. Kf5 Re2 25. dxc5 h5 26. c6 Kf7 0-1

[Event "North Carolina op"]
[Site "Charlotte"]
[Date "2018.11.17"]
[Round "3"]
[White "Kumar, Arya"]
[Black "Vanapalli, Vishnu Surya"]
[Result "0-1"]
[WhiteElo "1619"]
[BlackElo "1677"]
[PlyCount "116"]
[EventDate "2018.11.16"]
[EventType "swiss"]
[EventRounds "5"]
[EventCountry "USA"]
[SourceTitle "CBM 187 Extra"]
[Source "ChessBase"]
[SourceDate "2018.11.04"]
[SourceVersion "1"]
[SourceVersionDate "2018.11.04"]
[SourceQuality "1"]

1. e4 e6 2. d4 d5 3. exd5 exd5 4. Bd3 Nf6 5. Nf3 Bd6 6. 0-0 0-0 7. Bg5 c6 8. c3 Bg4 9. Nbd2 Nbd7 10. Qc2 Qc7 11. Rfe1 Rfe8 12. Bh4 h6 13. Bg3 Bxg3 14. hxg3 Qd6 15. Nf1 Rxe1 16. Rxe1 Re8 17. Ne3 Be6 18. Re2 Qb8 19. Nf1 Bg4 20. Ne3 Be6 21. Nf5 g6 22. Ne3 Ne4 23. Nd2 f5 24. Nef1 Ndf6 25. Nf3 Kg7 26. N3d2 Bf7 27. Nf3 Qc8 28. Ne5 Nd7 29. Nxf7 Kxf7 30. f3 Nd6 31. Rxe8 Qxe8 32. g4 Qe6 33. gxf5 gxf5 34. Ng3 f4 35. Nh5 Qe3+ 36. Kf1 Nf6 37. Bg6+ Ke7 38. Nxf6 Kxf6 39. Bh7 Nc4 40. Qe2 Qxe2+ 41. Kxe2 Nxb2 42. Bc2 Nc4 43. Bb3 Nd6 44. Kf2 Nf5 45. Ke2 Kg5 46. Kf2 Kh4 47. Bc2 Nd6 48. a4 a5 49. Bb3 b5 50. axb5 Nxb5 51. c4 dxc4 52. Bxc4 Nxd4 53. Ba2 Nb5 54. Bc4 a4 55. Ba2 a3 56. Bc4 Nc3 57. Bb3 a2 58. Bxa2 Nxa2 0-1

[Event "Wch U14 Girls"]
[Site "Porto Carras"]
[Date "2018.10.29"]
[Round "10.11"]
[White "Mehmed, Elif"]
[Black "Kumar, Arya"]
[Result "1-0"]
[WhiteElo "2049"]
[BlackElo "1619"]
[PlyCount "119"]
[EventDate "2018.10.20"]
[EventType "swiss"]
[EventRounds "11"]
[EventCountry "GRE"]
[SourceTitle "CBM 187 Extra"]
[Source "ChessBase"]
[SourceDate "2018.11.04"]
[SourceVersion "1"]
[SourceVersionDate "2018.11.04"]
[SourceQuality "1"]

1. e4 c6 2. Nc3 d5 3. Nf3 Bg4 4. h3 Bxf3 5. Qxf3 e6 6. d3 Bd6 7. Qg4 Nf6 8. Qxg7 Rg8 9. Qh6 Rg6 10. Qh4 d4 11. Ne2 Bb4+ 12. Kd1 Be7 13. Qf4 c5 14. Qf3 Nc6 15. Nf4 Rg8 16. Nh5 Ne5 17. Nxf6+ Bxf6 18. Qh5 Rc8 19. f4 Ng6 20. e5 Be7 21. Qf3 Qc7 22. g3 b5 23. Bg2 Kd7 24. Qb7 Qxb7 25. Bxb7 Rc7 26. Be4 Bf8 27. Ke2 c4 28. dxc4 Rxc4 29. Rd1 Ne7 30. Kf3 Nd5 31. Bxh7 Rh8 32. Bd3 Rc5 33. h4 Nb4 34. a3 Nxd3 35. Rxd3 Rxc2 36. Rxd4+ Kc7 37. Rd2 Rc4 38. Re2 Bc5 39. Bd2 Rd8 40. b3 Rd3+ 41. Kg2 Rxb3 42. Ba5+ Kc6 43. h5 Rd3 44. h6 Bb6 45. Bb4 Bc5 46. Rd2 Rxd2+ 47. Bxd2 Rc2 48. Rd1 Bf8 49. h7 Bg7 50. Rc1 Rxc1 51. Bxc1 Kd7 52. Kf3 Ke8 53. Ke4 Kf8 54. f5 exf5+ 55. Kxf5 Bh8 56. Bh6+ Ke7 57. Bg5+ Kf8 58. Bf6 Bg7 59. e6 fxe6+ 60. Kg6 1-0